Score 0/38 Timer 04:00
0 Plays Today
HINT WORD % Correct
Don't ____ with the ZohanMESS
94.5%
52 cardsDECK
93.4%
The ____ Side of the MoonDARK
93.4%
Break into a PCHACK
90.8%
Mr. Tracy or CheneyDICK
90.6%
____ in BlackBACK
88.1%
Castle ditchMOAT
87.2%
Mr. Nowitzki or DigglerDIRK
86.6%
❢ MILD EXPLETIVE ❢❢ HECK ❢
85.7%
❢ PECANS OR PHILBERTS ❢❢ NUTS ❢
85.2%
Alert to dangerWARN
84.9%
❢ MEND A SOCK ❢❢ DARN ❢
84.3%
Hunt for bargainsSHOP
82%
Hit with an axeCHOP
81.7%
Used as clothingWORN
80.5%
New York nineMETS
76.1%
BlokeCHAP
75.7%
Poet's dawnMORN
75.7%
Brooklyn CagersNETS
74.2%
HINT WORD % Correct
Wheel groovesRUTS
73.4%
Loll in the sunBASK
73.4%
Delta Tau Chi or Omega Theta PiFRAT
73%
Schnitzel or prosciuttoMEAT
72%
DreamWorks Mouse LemurMORT
70.7%
Sloop or clipperSHIP
70.5%
Pull alongDRAG
69.8%
❢ CELLAR SQUEAKERS ❢❢ RATS ❢
69.4%
❢ MILD EXPLETIVE ❢❢ CRAP ❢
68.8%
❢ MILD EXPLETIVE ❢❢ DRAT ❢
66.6%
ScreenMESH
65.2%
Wild partyBASH
64.7%
Clip with a scissorsSNIP
64%
Rocky peakCRAG
63.8%
Dance violentlyMOSH
60.9%
Lowell George's Little ____FEAT
60.2%
Jagged cutGASH
59.6%
❢ MILD EXPLETIVE ❢❢ GOSH ❢
57.7%
❢ MILD EXPLETIVE ❢❢ SNAP ❢
41.1%

Today's Daily Dose

Remove Ads.
Support Sporcle.
Get the best of Sporcle when you Go Orange. This ad-free experience offers more features, more stats, and more fun while also helping to support Sporcle. Thank you for becoming a member.

You're not logged in!

Compare scores with friends on all Sporcle quizzes.
OR
Log In

Show Comments

Extras

Top Quizzes Today


Score Distribution

Your Account Isn't Verified!

In order to create a playlist on Sporcle, you need to verify the email address you used during registration. Go to your Sporcle Settings to finish the process.

Report this User

Report this user for behavior that violates our Community Guidelines.

Details: